[Event "Wroclaw-ch"]
[Site "Wroclaw"]
[Date "2003.??.??"]
[Round "1"]
[White "Klapcinski, Janusz"]
[Black "Warakomski, Tomasz"]
[Result "0-1"]
[WhiteElo "1800"]
[BlackElo "2130"]
[PlyCount "38"]
[EventDate "2003.??.??"]
[EventType "swiss"]
[EventRounds "9"]
[EventCountry "POL"]
[SourceTitle "EXT 2007"]
[Source "ChessBase"]
[SourceDate "2006.11.23"]
[SourceVersion "1"]
[SourceVersionDate "2006.11.23"]
[SourceQuality "1"]

1. e4 e5 2. Nf3 Nc6 3. Bc4 Nf6 4. Ng5 d5 5. exd5 Nd4 6. c3 b5 7. cxd4 bxc4 8. dxe5 Nxd5 9. Qf3 Qxg5 10. Qxd5 Rb8 11. 0-0 Bb7 12. Qb5+ Ke7 13. g3 Qg4 14. f3 Qd4+ 15. Rf2 Kd8 16. Nc3 Bc5 17. Ne4 Bxe4 18. Qxb8+ Kd7 19. Qb5+ Bc6 0-1